000 00574nam a2200193Ia 4500
005 20250508155405.0
008 008 250505s9999 xx 000 0 hin d
037 _aBooks to be hide in OPAC
040 _aFEDL
_beng
_cFEDL
041 _ahin
_2eng
084 _a370.19, BHA/O
_qFEDL
100 _aBhagvat Leela
_9766951
245 0 _aBholaya sumjuti (Marathi)
260 _aMumbai, India
_bMumbai Shahar Samaj Shikshan Samiti
_c1951
300 _a34p.
490 _aSamaj shikshan prasar mala
942 _cHB
_h370.19, BHA/O
999 _c1356406
_d1356406